Nghề hầu vua
v...v
Đã lưu trong:
| Tác giả chính: | |
|---|---|
| Định dạng: | Sách |
| Ngôn ngữ: | Vietnamese |
| Năm xuất bản: |
H.
Thanh niên
1999
|
| Chủ đề: | |
| Tags: |
Thêm thẻ
Không có thẻ, Hãy là người đầu tiên gắn thẻ bản ghi này!
|
| LEADER | 01223nam a2200325 a 4500 | ||
|---|---|---|---|
| 001 | vtls000012285 | ||
| 003 | VRT | ||
| 005 | 20161012154620.0 | ||
| 008 | 061016 2006 vm g 000 vie d | ||
| 039 | 9 | |a 201304171001 |b luuthiha |c 201211211124 |d luuthiha | |
| 040 | |a TVTTHCM | ||
| 082 | 0 | 4 | |a 895.922803 |b V561KH |
| 100 | 0 | |a Vương Khánh Tường | |
| 245 | 1 | 0 | |a Nghề hầu vua |c Vương Khánh Tường ghi; Phượng Thủy dịch |
| 260 | |a H. |b Thanh niên |c 1999 | ||
| 300 | |a 604 tr. |c 19 cm | ||
| 520 | |a v...v | ||
| 651 | 0 | |a Vietnam |x Kings and rulers. | |
| 651 | 4 | |a Việt Nam |x Vua và nhà cầm quyền. | |
| 653 | |a Lịch sử | ||
| 653 | |a Việt Nam | ||
| 653 | |a Hồi ký | ||
| 653 | |a Nghề hầu vua | ||
| 942 | |2 ddc |c STK0 | ||
| 949 | |6 100015124 | ||
| 949 | |6 100015125 | ||
| 949 | |6 100019724 | ||
| 999 | |c 2663 |d 2663 | ||
| 952 | |0 0 |1 0 |2 ddc |4 0 |6 895_922803000000000_V561KH |7 1 |8 800 |9 32861 |a qbu |b qbu |c D5 |d 2014-12-14 |g 50000 |o 895.922803 V561KH |p 4248.C1 |r 0000-00-00 |w 2014-12-14 |y STK0 |0 0 |6 895_922803000000000_V561KH | ||
| 952 | |0 0 |1 0 |2 ddc |4 0 |6 895_922803000000000_V561KH |7 0 |8 800 |9 32862 |a qbu |b qbu |c D5 |d 2014-12-14 |g 50000 |o 895.922803 V561KH |p 4248.C2 |r 0000-00-00 |w 2014-12-14 |y STK0 |0 0 |6 895_922803000000000_V561KH | ||